ASP.NET XML webová služba poskytujúca usporiadané informácie o aktuálnom stave automobilového parku firmy diplomová práca

Enregistré dans:
Détails bibliographiques
Auteur principal: Zakovič, Patrik
Collectivité auteur: Fakulta hospodárskej informatiky EU. Katedra aplikovanej informatiky
Autres auteurs: Košťál, Igor, 1962-
Format: Livre
Langue:slovaque
Publié: Bratislava 2017
Tags: Ajouter un tag
Pas de tags, Soyez le premier à ajouter un tag!

MARC

LEADER 00000nbm a2200000 4500
001 0232987
005 20180413101507.9
041 0 |a slo 
044 |a SK 
245 1 0 |a ASP.NET XML webová služba poskytujúca usporiadané informácie o aktuálnom stave automobilového parku firmy  |b diplomová práca  |c Patrik Zakovič ; školiteľ: Igor Košťál 
264 1 |a Bratislava  |c 2017 
300 |a 68 s. 
100 1 |a Zakovič, Patrik 
700 1 |a Košťál, Igor, 1962- 
710 2 |a Fakulta hospodárskej informatiky EU. Katedra aplikovanej informatiky